000 00611nam a2200181Ia 4500
008 151202s9999||||xx |||||||||||||| ||und||
082 _bPNVM-64448
100 _aडहाळे संजय.
245 _aकिस्से रंगकर्मीचे.
260 _b"आमोद प्रकाशन,मुंबई."
260 _c64448
300 _a138
600 _aडहाळे संजय.
630 _aकिस्से रंगकर्मीचे.
700 _aडहाळे संजय.
730 _aकिस्से रंगकर्मीचे.
942 _cBOOK
999 _c1330981
_d1330978